000 01240nam a22002777a 4500
005 20170124103147.0
010 _aA-385702
020 _c40.00
035 _aA-385702
037 _bCen Lib/Ret
040 _aDPL
_bHN
082 _a574.5
_bशर्माश्या
100 _aशर्मा, श्यामसुन्दर
_9130
245 _aप्रदुषण :
_cश्यामसुन्दर शर्मा, मृदुला गर्ग
_bकारन और निवारण /
246 _aPradushan : karan aur nivaran /
_bby Shyam Sundar Sharma, Mridula Garg
260 _aनई दिल्ली
_bसाहित्य सहकर
_c1989
270 _aई-10/4, कृष्णनगर
_bनई दिल्ली
_e110051
300 _a96पृ. :
_c21सेमी(सजिल्द)
_bसचित्र
500 _aअनुक्रमणिका शामिल
650 _aजल प्रदुषण
_946060
650 _aवायु प्रदुषण
_986589
650 _aWater Pollution
_915859
650 _aAir Pollution
_915959
700 _aगर्ग, मृदुला
_986590
942 _2ddc
_cHN
_h574.5
_mशर्माश्या
999 _c119730
_d119730